000 00758nam a2200229Ia 4500
008 191130s2000##################000#0#eng##
020 _a8120614879
022 _a2001290035
040 _aACL
_cACL
082 _a495.45 SCH
100 _aSchroeter, Friedrich Christian Gotthelf
245 _aA grammar of the Bhotanta, or Boutan language
_cFrederic Christian Gotthelf Schroeter; edited by W. Carey
260 _aNew Delhi
_bAsian Educational Services
_c2000
300 _aiii, 35, 6 p. ; 29 cm
500 _aOriginally published: Serampore : 1826
650 _aTibetan language - Grammar
700 _aCarey, William
710 _aAsian Educational Services
990 _a7d2230b2ac100b454bbc0177741372c2
991 _a456596
999 _c356274
_d356274